Countries which Recognise South Ossetia or Abkhazia - Statistics

General Stats
  • This quiz has been taken 67 times
  • The average score is 4 of 5
Answer Stats
Continent Answer % Correct
Europe Russia
98%
South America Venezuela
86%
North America Nicaragua
65%
Oceania Nauru
63%
Asia Syria
51%
No matching quizzes found
Score Distribution
Percent of People with Each Score
Percentile by Number Answered
Your Score History
You have not taken this quiz